[Event "Winnipeg TNT September op"]
[Site "Winnipeg"]
[Date "2005.09.13"]
[Round "2"]
[White "Babb, Jeff"]
[Black "Evans, Rick"]
[Result "1-0"]
[WhiteElo "2166"]
[BlackElo "1890"]
[PlyCount "123"]
[EventDate "2005.09.06"]
[EventType "swiss"]
[EventRounds "4"]
[EventCountry "CAN"]
[SourceTitle "EXT 2022"]
[Source "ChessBase"]
[SourceDate "2021.10.06"]
[SourceVersion "1"]
[SourceVersionDate "2021.10.06"]
[SourceQuality "1"]

1. c4 c6 2. g3 Nf6 3. b3 d5 4. Nf3 Bf5 5. Ba3 Bxb1 6. Rxb1 g6 7. Bg2 Bg7 8. 0-0 0-0 9. d3 Re8 10. Qc2 Qa5 11. Bb2 Nbd7 12. b4 Qc7 13. cxd5 Nxd5 14. Bxg7 Kxg7 15. Nd2 e6 16. Rfc1 Rac8 17. b5 c5 18. Qb2+ Kg8 19. h4 b6 20. h5 Qe5 21. Nc4 Qxb2 22. Rxb2 Red8 23. hxg6 hxg6 24. a4 N7f6 25. a5 Rb8 26. Ne5 Rb7 27. axb6 axb6 28. Ra1 Rd6 29. Nc6 Rc7 30. e4 Rdxc6 31. bxc6 Nb4 32. Ra3 Rxc6 33. Kf1 e5 34. Ke2 Rd6 35. Kd2 Kg7 36. Rc3 Nd7 37. Bh3 Nb8 38. Rxb4 cxb4 39. Rc4 Nd7 40. Bxd7 Rxd7 41. Rxb4 Rd6 42. Rb5 Re6 43. f4 f6 44. Rd5 Kf7 45. Kc3 Ke7 46. Kc4 exf4 47. gxf4 Rd6 48. Rb5 Kd7 49. d4 Rc6+ 50. Kd3 Kc7 51. e5 fxe5 52. fxe5 g5 53. Ke4 Rg6 54. Kf5 Rg8 55. d5 g4 56. Rb1 g3 57. d6+ Kd7 58. Rxb6 Rf8+ 59. Ke4 Ke6 60. Rb7 Re8 61. Rg7 Ra8 62. Re7# 1-0

[Event "Winnipeg TNT Aug op"]
[Site "Winnipeg"]
[Date "2005.08.16"]
[Round "3"]
[White "Evans, Rick"]
[Black "Zaczek, Jonathon"]
[Result "1-0"]
[WhiteElo "1864"]
[BlackElo "2065"]
[PlyCount "89"]
[EventDate "2005.08.02"]
[EventType "swiss"]
[EventRounds "4"]
[EventCountry "CAN"]
[SourceTitle "EXT 2007"]
[Source "ChessBase"]
[SourceDate "2006.11.23"]
[SourceVersion "1"]
[SourceVersionDate "2006.11.23"]
[SourceQuality "1"]

1. d4 Nf6 2. Nf3 g6 3. c4 Bg7 4. Nc3 d5 5. cxd5 Nxd5 6. e4 Nxc3 7. bxc3 0-0 8. Rb1 c5 9. Be3 cxd4 10. cxd4 Qa5+ 11. Qd2 Qxd2+ 12. Kxd2 Nc6 13. d5 Rd8 14. Bd3 Na5 15. Bc5 e6 16. Be7 Rd7 17. d6 a6 18. Rb6 Nc6 19. Rxc6 bxc6 20. Rb1 Bb7 21. e5 c5 22. Rxb7 Rxb7 23. Be4 Rxe7 24. Bxa8 Rd7 25. Bc6 Rd8 26. d7 f6 27. exf6 Bxf6 28. Kd3 Rb8 29. Nd2 Kf7 30. Ne4 Be7 31. f4 h6 32. g4 Bf8 33. g5 hxg5 34. fxg5 a5 35. a4 Ke7 36. Nxc5 Kd6 37. Na6 Rd8 38. Bb5 Be7 39. Kc4 Bxg5 40. Nc5 Rb8 41. Ne4+ Ke7 42. Nxg5 Rf8 43. Ne4 Rf5 44. Nc5 Rf4+ 45. Kd3 1-0

[Event "Winnipeg TNT July op"]
[Site "Winnipeg"]
[Date "2005.07.19"]
[Round "3"]
[White "Zhou, Lu"]
[Black "Evans, Rick"]
[Result "1-0"]
[WhiteElo "1757"]
[BlackElo "1867"]
[PlyCount "55"]
[EventDate "2005.07.05"]
[EventType "swiss"]
[EventRounds "4"]
[EventCountry "CAN"]
[SourceTitle "EXT 2022"]
[Source "ChessBase"]
[SourceDate "2021.10.06"]
[SourceVersion "1"]
[SourceVersionDate "2021.10.06"]
[SourceQuality "1"]

1. e4 e6 2. d4 d5 3. Nc3 Nf6 4. e5 Nfd7 5. f4 c5 6. Nf3 Nc6 7. Be3 a6 8. Qd2 b5 9. Be2 Qb6 10. 0-0-0 cxd4 11. Bxd4 Nxd4 12. Nxd4 Nc5 13. Bf3 Bb7 14. f5 b4 15. Nce2 a5 16. fxe6 fxe6 17. Rhf1 Rc8 18. Bg4 b3 19. axb3 Nxb3+ 20. Nxb3 Qxb3 21. Nc3 Qc4 22. Bxe6 Bb4 23. Bxc8 Bxc8 24. Qxd5 Qc7 25. Nb5 Qe7 26. Nd6+ Bxd6 27. exd6 Qe3+ 28. Kb1 1-0

[Event "Winnipeg TNT July op"]
[Site "Winnipeg"]
[Date "2005.07.12"]
[Round "2"]
[White "Evans, Rick"]
[Black "Bist, Jordan"]
[Result "1-0"]
[WhiteElo "1867"]
[BlackElo "1215"]
[PlyCount "77"]
[EventDate "2005.07.05"]
[EventType "swiss"]
[EventRounds "4"]
[EventCountry "CAN"]
[SourceTitle "EXT 2022"]
[Source "ChessBase"]
[SourceDate "2021.10.06"]
[SourceVersion "1"]
[SourceVersionDate "2021.10.06"]
[SourceQuality "1"]

1. d4 d5 2. c4 Nf6 3. Nc3 Nc6 4. Nf3 e6 5. Bg5 Be7 6. e3 Ne4 7. Bxe7 Qxe7 8. cxd5 Nxc3 9. bxc3 exd5 10. Qb3 0-0 11. Qxd5 Rd8 12. Qb3 Bg4 13. Be2 Bxf3 14. Bxf3 a5 15. Qxb7 Nxd4 16. cxd4 Rab8 17. Qc6 Rxd4 18. 0-0 Rd6 19. Qc5 c6 20. Qxa5 Rh6 21. Rfd1 g6 22. Bxc6 Rc8 23. Rac1 Qh4 24. h3 Rh5 25. Qa6 Rd8 26. Rxd8+ Qxd8 27. Qa8 Qxa8 28. Bxa8 Ra5 29. Rc8+ Kg7 30. Rb8 Rxa2 31. Bd5 Ra1+ 32. Kh2 Rd1 33. e4 Rd2 34. Kg3 h5 35. Rb7 h4+ 36. Kxh4 Rxf2 37. Rxf7+ Rxf7 38. Bxf7 Kxf7 39. Kg5 1-0

[Event "Winnipeg TNT June op"]
[Site "Winnipeg"]
[Date "2005.06.14"]
[Round "2"]
[White "Zaczek, Jonathon"]
[Black "Evans, Rick"]
[Result "1-0"]
[WhiteElo "1991"]
[BlackElo "1867"]
[PlyCount "83"]
[EventDate "2005.06.07"]
[EventType "swiss"]
[EventRounds "4"]
[EventCountry "CAN"]
[SourceTitle "EXT 2007"]
[Source "ChessBase"]
[SourceDate "2006.11.23"]
[SourceVersion "1"]
[SourceVersionDate "2006.11.23"]
[SourceQuality "1"]

1. e4 c6 2. d4 d5 3. exd5 cxd5 4. c4 Nf6 5. Nc3 e6 6. Bg5 Qa5 7. Bd2 Bb4 8. a3 Bxc3 9. Bxc3 Qc7 10. c5 0-0 11. Nf3 Nc6 12. Bd3 b6 13. b4 bxc5 14. bxc5 Ne4 15. Qc2 f5 16. 0-0 a5 17. Bb5 Ba6 18. Bxc6 Qxc6 19. Ne5 Qc7 20. Rfb1 Rfb8 21. f3 Nxc5 22. Rxb8+ Rxb8 23. Bd2 Rc8 24. Qxc5 Qxc5 25. dxc5 Rxc5 26. Ra2 h6 27. h4 d4 28. f4 g5 29. Nf3 d3 30. hxg5 hxg5 31. Nxg5 Bc4 32. Rb2 Bd5 33. Kf2 Rc4 34. g3 Ra4 35. Rb5 Rxa3 36. Rxa5 Rb3 37. Ra7 Rb1 38. Nh7 Bb7 39. Ng5 Bd5 40. Rc7 Rb8 41. Bc3 Rd8 42. Nh7 1-0

[Event "Albert Boxer Classic op"]
[Site "Winnipeg"]
[Date "2005.05.14"]
[Round "2"]
[White "Evans, Rick"]
[Black "Lipnowski, Samuel"]
[Result "0-1"]
[WhiteElo "1856"]
[BlackElo "2116"]
[PlyCount "64"]
[EventDate "2005.05.13"]
[EventType "swiss"]
[EventRounds "5"]
[EventCountry "CAN"]
[SourceTitle "CBM 106 Extra"]
[Source "ChessBase"]
[SourceDate "2005.07.01"]
[SourceVersion "1"]
[SourceVersionDate "2005.07.01"]
[SourceQuality "1"]

1. d4 Nf6 2. c4 e6 3. Nc3 Bb4 4. Qb3 c5 5. dxc5 Bxc5 6. Nf3 0-0 7. Bg5 Be7 8. e3 b6 9. Be2 Bb7 10. Rd1 Na6 11. 0-0 Nc5 12. Qc2 a6 13. Rd4 h6 14. Bh4 d6 15. Rfd1 Ne8 16. Bxe7 Qxe7 17. b4 Nd7 18. e4 Rc8 19. Qb3 Rc7 20. Ne1 Ndf6 21. Bf3 Nh7 22. g3 Ng5 23. h4 Nxf3+ 24. Nxf3 f5 25. R1d3 fxe4 26. Nxe4 d5 27. cxd5 Bxd5 28. Qb2 Nf6 29. Ned2 Rfc8 30. Ne5 Rc2 31. Qa3 Rxa2 32. Ng6 Qe8 0-1